=LDR 00000nam 2200000 4500 =001 000294 =005 20250710011430 =035 ##$$a 0010-0725000141 =245 1#$$a Teman jadi musuh /$c Kennedy amandu =100 #$$a Kennedy =250 ##$$a Cetakan kedua =300 ##$$a 14 hlm : $b Ilus. ; $c 21 cm =856 ##$$a TBM As suhada =260 ##$$a Rawamangun :$b Badan pengembangan dan pusat bahasa,$c 2022 =082 ##$$a PB 398.209 598 AMA t =084 ##$$a PB 398.209 598 AMA t KEN t =020 ##$$a 978-623-307-403-2 =650 #4$$a Cerita anak indonesia-terjemahan =650 #4$$a Literasi-bahan bacaan